000 00440pab a2200169 454500
008 180718b2009 xxu||||| |||| 00| 0 eng d
100 _aRaul, R.K.
245 _aIndia in the global financial turmoil: strategies for resurrection
260 _c2009
300 _ap.379-83.
362 _aMay
650 _aEconomic recession - India
650 _aEconomic recession
773 _aManagement Accountant
908 _aN
909 _a82494
999 _c82494
_d82494